La Pierde Almas (Record no. 256)
[ view plain ]
| 000 - LÍDER | |
|---|---|
| campo de control de longitud fija | 00885nam a2200205Ia 4500 |
| 008 - ELEMENTOS DE DATOS DE LONGITUD FIJA - INFORMACIÓN GENERAL | |
| campo de control de longitud fija | 0000002002 mX az 0000000000spa00 |
| 090 ## - NÚMERO DE LLAMADA DE TIPO LC LOCALMENTE ASIGNADO (OCLC) | |
| Número de clasificación (OCLC) (R) | PUS00 F12p |
| 100 1# - ENTRADA PRINCIPAL - NOMBRE PERSONAL | |
| Nombre de la persona | Fadanelli, Guillermo |
| Fechas asociadas a un nombre | 1962 |
| 245 13 - TÍTULO DECLARACIÓN | |
| Título | La Pierde Almas |
| Resto del título | : Historia de una cantina Jonathan Barbieri |
| Declaración de responsabilidad | / textos Guillermo Fadanelli, Ulises Torrentera ; oleos y dibujos Jonatha Barbieri ; traducción John Dickie |
| 260 ## - PUBLICACIÓN, DISTRIBUCIÓN | |
| Lugar de publicación | México : Punta Cometa |
| Fecha de publicación | 2002 |
| 300 ## - DESCRIPCIÓN FÍSICA | |
| Alcance | 102 p. |
| Dimensiones | / 22 cm. |
| 500 ## - NOTA GENERAL | |
| Nota general | Texto bilingue: español e inglés \ Con el patronazgo del maestro venezolano Jesús Rafael Soto (q.e.p.d.) |
| 600 00 - ENTRADA DE SUJETO AÑADIDO - NOMBRE PERSONAL | |
| Nombre de la persona | BARBIERI, JONATHAN, 1955/ |
| Subdivisión general | TRABAJOS PICTORICOS |
| 650 14 - ENTRADA DE SUJETO AÑADIDO - TÉRMINO TÓPICO | |
| Término tópico o elemento de entrada del nombre geográfico | PINTURA ESTADOUNIDENSE |
| 650 14 - ENTRADA DE SUJETO AÑADIDO - TÉRMINO TÓPICO | |
| Subdivisión general | CATALOGOS |
| 650 14 - ENTRADA DE SUJETO AÑADIDO - TÉRMINO TÓPICO | |
| Término tópico o elemento de entrada del nombre geográfico | DIBUJOS ESTADOUNIDENSES |
| 650 14 - ENTRADA DE SUJETO AÑADIDO - TÉRMINO TÓPICO | |
| Término tópico o elemento de entrada del nombre geográfico | PINTORES ESTADOUNIDENSES |
| 650 14 - ENTRADA DE SUJETO AÑADIDO - TÉRMINO TÓPICO | |
| Término tópico o elemento de entrada del nombre geográfico | PINTURA AL OLEO |
| 700 1# - ENTRADA AGREGADA - NOMBRE PERSONAL | |
| Nombre de la persona | Torrentera, Ulises \ Dickie, John, tr |
| Estado de retirada | Pérdida de estatus | Estado dañado | No para préstamo | Código de recogida | Ubicación permanente | Ubicación actual | Ubicación de las estanterías | Fecha de adquisición | Número de llamada completo | Código de barras | Fecha de la última vez que se vio | Número de copia | Precio efectivo desde | Tipo de artículo Koha |
|---|---|---|---|---|---|---|---|---|---|---|---|---|---|---|
| General | ArtNexus | ArtNexus | General | 06/09/2022 | P-US-00 F12P | 256 | 06/09/2022 | Ej.1 | 06/09/2022 | Libro |